| 000 | 01354 a2200229 4500 | ||
|---|---|---|---|
| 001 | 40463 | ||
| 005 | 20260407155659.0 | ||
| 008 | 260407a2012 arg spa d | ||
| 003 | AR-UNSa-BCEJYS | ||
| 040 |
_aAR-UNSa-BCEJYS _bspa _cAR-UNSa-BCEJYS |
||
| 080 |
_a347.736 _xQuiebra. Insolvencia. Suspensión de pagos. Bancarrota, procedimientos. Derecho Concursal |
||
| 245 | 1 | 0 |
_aDerecho concursal _pprocedimientos de prevención y resolución de la insolvencia bajo la Ley 24.522, con las reformas de las leyes 25.561, 25.563, 25.589, 26.086 y 26.684 |
| 020 | _a978-950-894-868-7 | ||
| 264 | 1 |
_aBuenos Aires : _bAD-HOC _c2012 |
|
| 300 |
_a356 p. _c22 cm. |
||
| 505 | _a1. Empresas en crisis - 2. La Legislación Argentina en materia de insolvencia - 3. Los procesos concursales bajo el régimen legal argentino - 4. El acuerdo preventivo extrajudicial - 5. La reconformación del pasivo del deudor en los procesos concursales - 6. Régimen de privilegios de los créditos en el ámbito concursal - 7. El concurso preventivo - 8. La quiebra - 9. Funcionarios de los concursos - 10. Reglas procesales - 11. Pequeños concursos | ||
| 041 | _aspa | ||
| 942 | _cBK | ||
| 590 | _aniveau_biblio:m niveau_hierar:0 | ||
| 100 | 1 | _aVítolo, Daniel Roque | |
| 856 | 4 | 1 |
_uhttps://biblioeco.unsa.edu.ar/pmb/images/libros/L125949vitolo.jpg _yImagen de portada _qimage/jpeg |
| 999 |
_c3227 _d3227 |
||